000 00743nam a22002537a 4500
999 _c33413
_d33413
001 2616
003 CO-MdFUSB
005 20171117082444.0
008 171117t1983 sp ||||| |||| 00| 0 spa d
020 _a84-7228-792-0
040 _aCO-MdFUSB
_bspa
_cCO-MdFUSB
_dCO-MdFUSBC
_erda
041 0 _aspa
082 0 4 _aG 225.92 K977m
100 1 _aKuyper, Abraham (1837-1920)
_eautor
245 0 _aMujeres del Nuevo Testamento
_c / Abraham Kuyper
264 4 _aTerrassa, Bercelona, España :
_bCLIE,
_c©1983
300 _a78 Pag
336 _2rdacontent
_atexto
_btxt
337 _2rdamedia
_asin mediación
_bn
338 _2rdacarrier
_avolumen
_bnc
650 7 _aMujeres en la Biblia
_9327
653 _aBiblia N.T. - Biografías
942 _cBK